[Event "Russian Championship (Rapid, Men)"]
[Site "Sochi"]
[Date "2018.10.05"]
[Round "4.6"]
[White "Sarana, Alexey"]
[Black "Alekseenko, Kirill"]
[Result "1-0"]
[BlackElo "2668"]
[WhiteElo "2612"]
[LiveChessVersion "1.4.8"]

1. d4 {[%clk 0:15:19]} Nf6 {[%clk 0:15:18]} 2. c4 {[%clk 0:15:28]} e6
{[%clk 0:15:27]} 3. Nf3 {[%clk 0:15:37]} b6 {[%clk 0:15:33]} 4. g3
{[%clk 0:15:45]} Bb4+ {[%clk 0:15:36]} 5. Bd2 {[%clk 0:15:54]} Be7
{[%clk 0:15:45]} 6. Nc3 {[%clk 0:16:03]} c6 {[%clk 0:15:04]} 7. e4
{[%clk 0:16:01]} d5 {[%clk 0:15:02]} 8. cxd5 {[%clk 0:16:07]} cxd5
{[%clk 0:15:08]} 9. e5 {[%clk 0:16:15]} Ne4 {[%clk 0:14:21]} 10. Bd3
{[%clk 0:16:13]} Nxd2 {[%clk 0:13:42]} 11. Qxd2 {[%clk 0:16:18]} Ba6
{[%clk 0:13:24]} 12. h4 {[%clk 0:16:07]} Bxd3 {[%clk 0:13:14]} 13. Qxd3
{[%clk 0:16:15]} Nc6 {[%clk 0:13:23]} 14. Kf1 {[%clk 0:16:20]} a6
{[%clk 0:12:22]} 15. Kg2 {[%clk 0:16:28]} b5 {[%clk 0:12:18]} 16. Ne2
{[%clk 0:15:44]} Rc8 {[%clk 0:12:12]} 17. Nf4 {[%clk 0:15:45]} h6
{[%clk 0:10:55]} 18. Nh5 {[%clk 0:15:06]} O-O {[%clk 0:10:09]} 19. a3
{[%clk 0:13:39]} Na5 {[%clk 0:09:26]} 20. Nf4 {[%clk 0:13:38]} Qc7
{[%clk 0:08:05]} 21. b4 {[%clk 0:13:15]} Nb7 {[%clk 0:07:56]} 22. Ra2
{[%clk 0:09:36]} Qc4 {[%clk 0:07:17]} 23. Qb1 {[%clk 0:09:45]} Rfe8
{[%clk 0:06:24]} 24. Nd3 {[%clk 0:09:25]} Qc7 {[%clk 0:06:17]} 25. Nc5
{[%clk 0:09:06]} Bxc5 {[%clk 0:05:40]} 26. bxc5 {[%clk 0:09:12]} Na5
{[%clk 0:05:40]} 27. g4 {[%clk 0:08:27]} Nc6 {[%clk 0:05:33]} 28. g5
{[%clk 0:08:22]} h5 {[%clk 0:05:22]} 29. g6 {[%clk 0:08:04]} fxg6
{[%clk 0:04:31]} 30. Qxg6 {[%clk 0:08:12]} Qf7 {[%clk 0:04:38]} 31. Qxf7+
{[%clk 0:08:12]} Kxf7 {[%clk 0:04:47]} 32. Rh3 {[%clk 0:08:19]} g6
{[%clk 0:04:34]} 33. Rd2 {[%clk 0:08:19]} Ke7 {[%clk 0:04:22]} 34. Rg3
{[%clk 0:08:13]} Rg8 {[%clk 0:04:32]} 35. Ng5 {[%clk 0:06:46]} Rcf8
{[%clk 0:04:41]} 36. Nh7 {[%clk 0:06:41]} Rf4 {[%clk 0:04:07]} 37. Nf6
{[%clk 0:06:49]} Rh8 {[%clk 0:04:16]} 38. Rxg6 {[%clk 0:06:35]} Kf7
{[%clk 0:03:38]} 39. Rg5 {[%clk 0:06:19]} Rxh4 {[%clk 0:02:21]} 40. Rd3
{[%clk 0:05:47]} Ne7 {[%clk 0:01:57]} 41. Kg3 {[%clk 0:04:26]} Rh1
{[%clk 0:02:05]} 42. Kg2 {[%clk 0:04:36]} Rh4 {[%clk 0:02:08]} 43. Rf3
{[%clk 0:04:34]} Nf5 {[%clk 0:01:40]} 44. Nxd5 {[%clk 0:04:42]} Rxd4
{[%clk 0:01:02]} 45. Ne3 {[%clk 0:04:51]} Rc8 {[%clk 0:00:30]} 46. Rfxf5+
{[%clk 0:03:15]} exf5 {[%clk 0:00:26]} 47. Nxf5 {[%clk 0:03:24]} Rdd8
{[%clk 0:00:28]} 48. Nd6+ {[%clk 0:03:33]} Ke6 {[%clk 0:00:38]} 49. Nxc8
{[%clk 0:03:30]} Rxc8 {[%clk 0:00:47]} 50. f4 {[%clk 0:03:33]} Rxc5
{[%clk 0:00:44]} 51. Rxh5 {[%clk 0:03:23]} Rc3 {[%clk 0:00:26]} 52. Rh6+
{[%clk 0:03:25]} Kf5 {[%clk 0:00:35]} 53. Rf6+ {[%clk 0:03:31]} Kg4
{[%clk 0:00:44]} 54. Kf2 {[%clk 0:03:27]} Rxa3 {[%clk 0:00:33]} 55. e6
{[%clk 0:03:36]} Ra2+ {[%clk 0:00:29]} 56. Ke3 {[%clk 0:03:45]} Ra1
{[%clk 0:00:32]} 57. f5 {[%clk 0:03:51]} b4 {[%clk 0:00:28]} 58. Kd2
{[%clk 0:03:52]} Ra2+ {[%clk 0:00:26]} 59. Kd3 {[%clk 0:03:52]} Ra3+
{[%clk 0:00:23]} 60. Kc4 {[%clk 0:03:21]} b3 {[%clk 0:00:19]} 61. e7
{[%clk 0:03:30]} b2 {[%clk 0:00:24]} 62. Rb6 {[%clk 0:03:39]} Re3
{[%clk 0:00:21]} 63. f6 {[%clk 0:03:47]} 1-0

[Event "Russian Championship (Rapid, Men)"]
[Site "Sochi"]
[Date "2018.10.05"]
[Round "4.8"]
[White "Tomashevsky, Evgeny"]
[Black "Moiseenko, Vadim"]
[Result "1/2-1/2"]
[BlackElo "2577"]
[WhiteElo "2726"]
[LiveChessVersion "1.4.8"]

1. c4 {[%clk 0:15:19]} b6 {[%clk 0:15:18]} 2. e4 {[%clk 0:14:49]} Bb7
{[%clk 0:15:23]} 3. Nc3 {[%clk 0:14:57]} e6 {[%clk 0:15:30]} 4. Nf3
{[%clk 0:14:53]} Nf6 {[%clk 0:15:18]} 5. Bd3 {[%clk 0:14:58]} d6 {[%clk 0:13:33]}
6. Bc2 {[%clk 0:14:48]} c5 {[%clk 0:13:37]} 7. d4 {[%clk 0:14:25]} cxd4
{[%clk 0:13:44]} 8. Nxd4 {[%clk 0:14:29]} Be7 {[%clk 0:13:47]} 9. O-O
{[%clk 0:14:21]} O-O {[%clk 0:13:52]} 10. b3 {[%clk 0:14:21]} Nbd7
{[%clk 0:13:39]} 11. Bb2 {[%clk 0:13:10]} a6 {[%clk 0:13:45]} 12. Qd3
{[%clk 0:12:18]} Rc8 {[%clk 0:13:34]} 13. Rad1 {[%clk 0:12:12]} Re8
{[%clk 0:12:42]} 14. Qg3 {[%clk 0:10:52]} Nh5 {[%clk 0:11:35]} 15. Qg4
{[%clk 0:10:07]} Nhf6 {[%clk 0:11:35]} 16. Qe2 {[%clk 0:10:15]} Rc5
{[%clk 0:09:39]} 17. f4 {[%clk 0:09:17]} Qc7 {[%clk 0:08:03]} 18. a4
{[%clk 0:07:32]} Rh5 {[%clk 0:07:43]} 19. g4 {[%clk 0:05:37]} Rh4
{[%clk 0:07:29]} 20. g5 {[%clk 0:04:39]} Nh5 {[%clk 0:07:30]} 21. Bc1
{[%clk 0:04:35]} d5 {[%clk 0:05:29]} 22. exd5 {[%clk 0:04:17]} Nxf4
{[%clk 0:04:39]} 23. Bxf4 {[%clk 0:02:19]} Rxf4 {[%clk 0:04:47]} 24. dxe6
{[%clk 0:02:19]} Bc5 {[%clk 0:02:19]} 25. exf7+ {[%clk 0:02:12]} Kxf7
{[%clk 0:02:28]} 26. Rxf4+ {[%clk 0:01:17]} Qxf4 {[%clk 0:02:36]} 27. Qf2
{[%clk 0:01:01]} Bf3 {[%clk 0:01:48]} 28. Kf1 {[%clk 0:00:38]} Ne5
{[%clk 0:01:42]} 29. Nd5 {[%clk 0:00:23]} Qg4 {[%clk 0:01:00]} 30. b4
{[%clk 0:00:13]} Kg8 {[%clk 0:00:44]} 31. bxc5 {[%clk 0:00:14]} Bxd1
{[%clk 0:00:52]} 32. Bf5 {[%clk 0:00:21]} Qxg5 {[%clk 0:00:49]} 33. cxb6
{[%clk 0:00:22]} Nxc4 {[%clk 0:00:56]} 34. Qg3 {[%clk 0:00:17]} Qd2
{[%clk 0:00:39]} 35. Nf6+ {[%clk 0:00:17]} Kh8 {[%clk 0:00:47]} 36. Nxe8
{[%clk 0:00:26]} Qxd4 {[%clk 0:00:28]} 37. Qxg7+ {[%clk 0:00:13]} Qxg7
{[%clk 0:00:35]} 38. Nxg7 {[%clk 0:00:22]} Nxb6 {[%clk 0:00:41]} 39. a5
{[%clk 0:00:21]} Nc4 {[%clk 0:00:51]} 40. Bd3 {[%clk 0:00:30]} Ne5
{[%clk 0:00:30]} 41. Bxa6 {[%clk 0:00:23]} Kxg7 {[%clk 0:00:38]} 42. Bb7
{[%clk 0:00:32]} Ba4 {[%clk 0:00:17]} 43. a6 {[%clk 0:00:22]} Bb5+
{[%clk 0:00:21]} 44. Kf2 {[%clk 0:00:30]} Bxa6 {[%clk 0:00:29]} 1/2-1/2

[Event "Russian Championship (Rapid, Men)"]
[Site "Sochi"]
[Date "2018.10.05"]
[Round "4.9"]
[White "Matlakov, Maxim"]
[Black "Khanin, Semen"]
[Result "1/2-1/2"]
[BlackElo "2523"]
[WhiteElo "2678"]
[LiveChessVersion "1.4.8"]

1. c4 {[%clk 0:15:10]} Nf6 {[%clk 0:15:12]} 2. Nc3 {[%clk 0:15:17]} e5
{[%clk 0:15:20]} 3. g3 {[%clk 0:15:19]} c6 {[%clk 0:15:29]} 4. Nf3
{[%clk 0:15:19]} d6 {[%clk 0:15:26]} 5. Bg2 {[%clk 0:15:23]} Be7 {[%clk 0:15:33]}
6. O-O {[%clk 0:15:25]} O-O {[%clk 0:15:41]} 7. Qc2 {[%clk 0:14:00]} Nbd7
{[%clk 0:15:26]} 8. d4 {[%clk 0:14:07]} Qc7 {[%clk 0:15:35]} 9. e4
{[%clk 0:13:47]} Re8 {[%clk 0:15:29]} 10. h3 {[%clk 0:13:53]} Bf8
{[%clk 0:15:30]} 11. Be3 {[%clk 0:13:47]} a6 {[%clk 0:15:07]} 12. d5
{[%clk 0:11:00]} b5 {[%clk 0:13:24]} 13. dxc6 {[%clk 0:10:01]} Qxc6
{[%clk 0:13:32]} 14. cxb5 {[%clk 0:08:15]} axb5 {[%clk 0:13:39]} 15. a3
{[%clk 0:06:53]} Nb6 {[%clk 0:13:24]} 16. Rac1 {[%clk 0:06:52]} Bb7
{[%clk 0:11:53]} 17. Bg5 {[%clk 0:04:59]} Nbd7 {[%clk 0:09:07]} 18. Nd2
{[%clk 0:04:54]} Rac8 {[%clk 0:08:36]} 19. Rfd1 {[%clk 0:04:59]} h6
{[%clk 0:08:23]} 20. Be3 {[%clk 0:05:07]} Nc5 {[%clk 0:07:58]} 21. Qb1
{[%clk 0:03:27]} Qa6 {[%clk 0:08:02]} 22. Na2 {[%clk 0:02:57]} Qa8
{[%clk 0:07:56]} 23. Nc3 {[%clk 0:03:06]} Bc6 {[%clk 0:07:33]} 24. b4
{[%clk 0:02:57]} Ne6 {[%clk 0:07:09]} 25. Nb3 {[%clk 0:02:27]} Qxa3
{[%clk 0:05:55]} 26. Na5 {[%clk 0:02:35]} Bd7 {[%clk 0:06:04]} 27. Rd3
{[%clk 0:02:40]} Nd4 {[%clk 0:06:10]} 28. Kh2 {[%clk 0:01:55]} d5
{[%clk 0:04:28]} 29. Nxd5 {[%clk 0:01:54]} Rxc1 {[%clk 0:04:36]} 30. Bxc1
{[%clk 0:02:02]} Qa4 {[%clk 0:04:43]} 31. Nxf6+ {[%clk 0:01:27]} gxf6
{[%clk 0:04:51]} 32. Bd2 {[%clk 0:01:29]} Rc8 {[%clk 0:04:32]} 33. Nb3
{[%clk 0:01:37]} Nxb3 {[%clk 0:03:52]} 34. Rxd7 {[%clk 0:01:36]} Nxd2
{[%clk 0:03:49]} 35. Rxd2 {[%clk 0:01:44]} Qxb4 {[%clk 0:03:55]} 36. Qd1
{[%clk 0:01:49]} Bg7 {[%clk 0:02:21]} 37. Rd7 {[%clk 0:01:45]} Qc4
{[%clk 0:02:07]} 38. Bf3 {[%clk 0:01:06]} Qc2 {[%clk 0:01:39]} 39. Qf1
{[%clk 0:00:43]} f5 {[%clk 0:01:08]} 40. Bh5 {[%clk 0:00:40]} Rf8
{[%clk 0:01:12]} 41. exf5 {[%clk 0:00:40]} Qxf5 {[%clk 0:01:20]} 42. Bg4
{[%clk 0:00:50]} Qf6 {[%clk 0:01:27]} 43. Rb7 {[%clk 0:00:53]} Qc6
{[%clk 0:01:19]} 44. Rxb5 {[%clk 0:01:00]} f5 {[%clk 0:01:27]} 45. Bd1
{[%clk 0:00:58]} e4 {[%clk 0:01:35]} 46. Qe2 {[%clk 0:00:53]} Kh8
{[%clk 0:01:41]} 47. Bb3 {[%clk 0:00:55]} Qc7 {[%clk 0:01:25]} 48. Bd5
{[%clk 0:00:38]} Qc3 {[%clk 0:00:53]} 49. Kg2 {[%clk 0:00:32]} Qd4
{[%clk 0:00:53]} 50. Be6 {[%clk 0:00:37]} f4 {[%clk 0:00:38]} 51. gxf4
{[%clk 0:00:45]} Rxf4 {[%clk 0:00:42]} 52. Bf5 {[%clk 0:00:53]} Be5
{[%clk 0:00:21]} 53. Bg4 {[%clk 0:00:33]} Rf8 {[%clk 0:00:21]} 54. Ra5
{[%clk 0:00:29]} Bc7 {[%clk 0:00:17]} 55. Rh5 {[%clk 0:00:33]} Bb6
{[%clk 0:00:18]} 56. Bf5 {[%clk 0:00:29]} Rg8+ {[%clk 0:00:27]} 57. Bg4
{[%clk 0:00:35]} Rf8 {[%clk 0:00:34]} 58. Bf5 {[%clk 0:00:14]} Rg8+
{[%clk 0:00:34]} 59. Bg4 {[%clk 0:00:16]} Rf8 {[%clk 0:00:40]} 60. Rf5
{[%clk 0:00:22]} Rxf5 {[%clk 0:00:36]} 61. Bxf5 {[%clk 0:00:31]} e3
{[%clk 0:00:44]} 62. fxe3 {[%clk 0:00:39]} Qxe3 {[%clk 0:00:50]} 63. Qxe3
{[%clk 0:00:38]} 1/2-1/2

[Event "Russian Championship (Rapid, Men)"]
[Site "Sochi"]
[Date "2018.10.05"]
[Round "4.10"]
[White "Morozevich, Alexander"]
[Black "Gabrielian, Artur"]
[Result "1-0"]
[BlackElo "2532"]
[WhiteElo "2672"]
[LiveChessVersion "1.4.8"]

1. e4 {[%clk 0:15:17]} c5 {[%clk 0:15:18]} 2. Nf3 {[%clk 0:15:05]} d6
{[%clk 0:15:25]} 3. Bc4 {[%clk 0:15:13]} Nc6 {[%clk 0:15:24]} 4. c3
{[%clk 0:15:17]} Nf6 {[%clk 0:14:21]} 5. d3 {[%clk 0:15:26]} g6 {[%clk 0:13:07]}
6. O-O {[%clk 0:15:31]} Bg7 {[%clk 0:13:16]} 7. Bb3 {[%clk 0:15:32]} O-O
{[%clk 0:13:22]} 8. h3 {[%clk 0:15:34]} b5 {[%clk 0:13:01]} 9. d4
{[%clk 0:15:38]} cxd4 {[%clk 0:13:03]} 10. cxd4 {[%clk 0:15:43]} Bb7
{[%clk 0:13:09]} 11. Qe2 {[%clk 0:13:00]} Na5 {[%clk 0:11:29]} 12. Bc2
{[%clk 0:13:06]} Rc8 {[%clk 0:11:36]} 13. Bd3 {[%clk 0:12:55]} a6
{[%clk 0:10:36]} 14. Nc3 {[%clk 0:12:09]} b4 {[%clk 0:07:42]} 15. Na4
{[%clk 0:11:46]} Bc6 {[%clk 0:06:55]} 16. b3 {[%clk 0:11:48]} Bb5
{[%clk 0:06:39]} 17. Bd2 {[%clk 0:10:59]} Rb8 {[%clk 0:04:16]} 18. Rac1
{[%clk 0:09:36]} e5 {[%clk 0:03:44]} 19. d5 {[%clk 0:09:11]} Nh5 {[%clk 0:03:43]}
20. Bxb5 {[%clk 0:08:55]} Rxb5 {[%clk 0:03:38]} 21. Rc2 {[%clk 0:07:33]} Nf4
{[%clk 0:03:25]} 22. Bxf4 {[%clk 0:07:33]} exf4 {[%clk 0:03:34]} 23. Rfc1
{[%clk 0:07:38]} Re8 {[%clk 0:03:12]} 24. Qd2 {[%clk 0:06:10]} Rb7
{[%clk 0:01:35]} 25. Qxf4 {[%clk 0:05:49]} Rbe7 {[%clk 0:01:44]} 26. Rc8
{[%clk 0:05:27]} Qd7 {[%clk 0:00:39]} 27. Nb6 {[%clk 0:04:38]} Qb5
{[%clk 0:00:48]} 28. Rxe8+ {[%clk 0:04:00]} Rxe8 {[%clk 0:00:55]} 29. Rc7
{[%clk 0:03:51]} Rf8 {[%clk 0:00:32]} 30. Nd7 {[%clk 0:03:47]} Rd8
{[%clk 0:00:16]} 31. Nf6+ {[%clk 0:03:33]} Kh8 {[%clk 0:00:25]} 32. Ng5
{[%clk 0:03:27]} 1-0

[Event "Russian Championship (Rapid, Men)"]
[Site "Sochi"]
[Date "2018.10.05"]
[Round "4.11"]
[White "Alekseev, Evgeny"]
[Black "Gutenev, Alexander"]
[Result "1/2-1/2"]
[BlackElo "2463"]
[WhiteElo "2655"]
[LiveChessVersion "1.4.8"]

1. e4 {[%clk 0:15:17]} c5 {[%clk 0:15:19]} 2. Nf3 {[%clk 0:15:24]} Nc6
{[%clk 0:15:28]} 3. d4 {[%clk 0:15:22]} cxd4 {[%clk 0:15:37]} 4. Nxd4
{[%clk 0:15:31]} Nf6 {[%clk 0:15:46]} 5. Nc3 {[%clk 0:15:39]} d6 {[%clk 0:15:55]}
6. Bg5 {[%clk 0:14:19]} e6 {[%clk 0:16:01]} 7. Qd2 {[%clk 0:14:27]} Be7
{[%clk 0:15:54]} 8. O-O-O {[%clk 0:14:27]} O-O {[%clk 0:16:00]} 9. f4
{[%clk 0:14:16]} Nxd4 {[%clk 0:16:07]} 10. Qxd4 {[%clk 0:14:24]} Qa5
{[%clk 0:16:16]} 11. e5 {[%clk 0:14:09]} dxe5 {[%clk 0:16:23]} 12. Qxe5
{[%clk 0:14:17]} Qxe5 {[%clk 0:16:24]} 13. fxe5 {[%clk 0:14:26]} Nd5
{[%clk 0:16:32]} 14. Bxe7 {[%clk 0:14:34]} Nxe7 {[%clk 0:16:41]} 15. Bd3
{[%clk 0:14:38]} b6 {[%clk 0:16:48]} 16. Be4 {[%clk 0:14:00]} Rb8
{[%clk 0:16:57]} 17. Rhe1 {[%clk 0:14:08]} Bb7 {[%clk 0:16:51]} 18. Rd7
{[%clk 0:14:11]} Bxe4 {[%clk 0:16:31]} 19. Rxe4 {[%clk 0:14:18]} Nc6
{[%clk 0:16:01]} 20. Nb5 {[%clk 0:13:39]} Rfd8 {[%clk 0:15:22]} 21. Rc7
{[%clk 0:13:45]} Rbc8 {[%clk 0:14:52]} 22. Rxc8 {[%clk 0:13:51]} Rxc8
{[%clk 0:15:02]} 23. Rc4 {[%clk 0:13:56]} Ne7 {[%clk 0:15:10]} 24. Rxc8+
{[%clk 0:13:27]} Nxc8 {[%clk 0:15:19]} 25. Kd2 {[%clk 0:13:21]} Kf8
{[%clk 0:15:22]} 26. Ke3 {[%clk 0:13:14]} Ke7 {[%clk 0:15:30]} 27. c4
{[%clk 0:13:15]} Kd7 {[%clk 0:15:32]} 28. g4 {[%clk 0:11:46]} a6 {[%clk 0:15:37]}
29. Nd4 {[%clk 0:11:29]} Ne7 {[%clk 0:15:44]} 30. Ke4 {[%clk 0:11:04]} Ng6
{[%clk 0:11:43]} 31. Nf3 {[%clk 0:10:43]} h6 {[%clk 0:11:52]} 32. Ne1
{[%clk 0:08:45]} Ne7 {[%clk 0:11:24]} 33. Nd3 {[%clk 0:08:45]} Kc6
{[%clk 0:09:27]} 34. Kd4 {[%clk 0:07:35]} f6 {[%clk 0:08:02]} 35. exf6
{[%clk 0:04:59]} gxf6 {[%clk 0:08:11]} 36. Nf2 {[%clk 0:04:29]} Kd7
{[%clk 0:07:19]} 37. Nd3 {[%clk 0:02:57]} Kd6 {[%clk 0:06:55]} 38. b4
{[%clk 0:02:55]} Nc6+ {[%clk 0:05:23]} 39. Ke4 {[%clk 0:02:59]} b5
{[%clk 0:04:51]} 40. c5+ {[%clk 0:02:02]} Kd7 {[%clk 0:04:58]} 41. a3
{[%clk 0:02:07]} Ne7 {[%clk 0:04:49]} 42. Nf4 {[%clk 0:02:08]} Nc6
{[%clk 0:04:53]} 43. Nd3 {[%clk 0:01:39]} Ne7 {[%clk 0:05:01]} 44. Nc1
{[%clk 0:01:09]} Nc6 {[%clk 0:05:03]} 45. Nd3 {[%clk 0:01:06]} 1/2-1/2

[Event "Russian Championship (Rapid, Men)"]
[Site "Sochi"]
[Date "2018.10.05"]
[Round "4.13"]
[White "Triapishko, Alexandr"]
[Black "Lysyj, Igor"]
[Result "1/2-1/2"]
[BlackElo "2644"]
[WhiteElo "2493"]
[LiveChessVersion "1.4.8"]

1. e4 {[%clk 0:15:16]} e5 {[%clk 0:15:19]} 2. Nf3 {[%clk 0:15:24]} Nc6
{[%clk 0:15:28]} 3. Bb5 {[%clk 0:15:30]} Nf6 {[%clk 0:15:37]} 4. O-O
{[%clk 0:15:15]} Nxe4 {[%clk 0:15:45]} 5. Re1 {[%clk 0:15:11]} Nd6
{[%clk 0:15:53]} 6. Nxe5 {[%clk 0:15:15]} Be7 {[%clk 0:16:00]} 7. Bf1
{[%clk 0:15:23]} Nxe5 {[%clk 0:16:06]} 8. Rxe5 {[%clk 0:15:31]} O-O
{[%clk 0:16:13]} 9. d4 {[%clk 0:14:48]} Ne8 {[%clk 0:16:21]} 10. c3
{[%clk 0:13:23]} d6 {[%clk 0:15:30]} 11. Re1 {[%clk 0:13:16]} d5 {[%clk 0:15:39]}
12. Bd3 {[%clk 0:12:28]} c6 {[%clk 0:15:27]} 13. Bf4 {[%clk 0:11:36]} Bd6
{[%clk 0:15:17]} 14. Bxd6 {[%clk 0:10:37]} Nxd6 {[%clk 0:15:24]} 15. Nd2
{[%clk 0:09:55]} Bf5 {[%clk 0:14:35]} 16. Bxf5 {[%clk 0:09:29]} Nxf5
{[%clk 0:14:43]} 17. Qb3 {[%clk 0:06:13]} Qb6 {[%clk 0:14:25]} 18. a4
{[%clk 0:05:47]} Qxb3 {[%clk 0:13:13]} 19. Nxb3 {[%clk 0:05:55]} a5
{[%clk 0:13:22]} 20. Nc5 {[%clk 0:04:27]} b6 {[%clk 0:13:02]} 21. Nd3
{[%clk 0:04:24]} Rfe8 {[%clk 0:10:58]} 22. f3 {[%clk 0:04:04]} f6
{[%clk 0:10:45]} 23. Kf2 {[%clk 0:04:09]} Kf7 {[%clk 0:10:36]} 24. g4
{[%clk 0:03:11]} Nd6 {[%clk 0:10:45]} 25. b3 {[%clk 0:03:08]} Rxe1
{[%clk 0:08:36]} 26. Rxe1 {[%clk 0:03:16]} Rh8 {[%clk 0:08:36]} 27. g5
{[%clk 0:00:53]} Nf5 {[%clk 0:06:27]} 28. gxf6 {[%clk 0:00:34]} gxf6
{[%clk 0:06:35]} 29. Nf4 {[%clk 0:00:29]} Rd8 {[%clk 0:06:41]} 30. Re6
{[%clk 0:00:18]} Rd6 {[%clk 0:06:48]} 31. Rxd6 {[%clk 0:00:16]} Nxd6
{[%clk 0:06:57]} 32. Ke2 {[%clk 0:00:15]} Nf5 {[%clk 0:06:55]} 33. Kf2
{[%clk 0:00:18]} Ke7 {[%clk 0:07:00]} 34. Ke2 {[%clk 0:00:22]} Kd6
{[%clk 0:06:41]} 35. Nh5 {[%clk 0:00:29]} Ke6 {[%clk 0:06:47]} 36. Nf4+
{[%clk 0:00:36]} Ke7 {[%clk 0:06:56]} 37. Kd3 {[%clk 0:00:34]} Nh4
{[%clk 0:07:03]} 38. Ke3 {[%clk 0:00:39]} Nf5+ {[%clk 0:07:11]} 39. Kd3
{[%clk 0:00:48]} Nh4 1/2-1/2

[Event "Russian Championship (Rapid, Men)"]
[Site "Sochi"]
[Date "2018.10.05"]
[Round "4.14"]
[White "Drygalov, Sergey"]
[Black "Timofeev, Artyom"]
[Result "1/2-1/2"]
[BlackElo "2636"]
[WhiteElo "2467"]
[LiveChessVersion "1.4.8"]

1. d4 {[%clk 0:15:17]} Nf6 {[%clk 0:15:10]} 2. Nf3 {[%clk 0:15:24]} g6
{[%clk 0:15:14]} 3. c4 {[%clk 0:15:33]} Bg7 {[%clk 0:15:22]} 4. g3
{[%clk 0:15:43]} c5 {[%clk 0:15:20]} 5. Bg2 {[%clk 0:15:43]} cxd4
{[%clk 0:15:28]} 6. Nxd4 {[%clk 0:15:51]} Nc6 {[%clk 0:15:35]} 7. Nc3
{[%clk 0:15:56]} O-O {[%clk 0:15:41]} 8. O-O {[%clk 0:16:04]} Qa5
{[%clk 0:15:43]} 9. e3 {[%clk 0:15:46]} d6 {[%clk 0:15:47]} 10. Qe2
{[%clk 0:14:20]} Bg4 {[%clk 0:15:36]} 11. f3 {[%clk 0:14:17]} Bd7
{[%clk 0:15:41]} 12. Nb3 {[%clk 0:11:03]} Qa6 {[%clk 0:15:03]} 13. c5
{[%clk 0:08:34]} Qxe2 {[%clk 0:14:46]} 14. Nxe2 {[%clk 0:08:43]} d5
{[%clk 0:14:46]} 15. Bd2 {[%clk 0:08:41]} e5 {[%clk 0:14:20]} 16. Nc3
{[%clk 0:07:32]} a5 {[%clk 0:14:03]} 17. a4 {[%clk 0:07:02]} Be6 {[%clk 0:14:00]}
18. Nb5 {[%clk 0:05:40]} Rfc8 {[%clk 0:13:40]} 19. Ra3 {[%clk 0:05:25]} Bf8
{[%clk 0:13:36]} 20. Rc1 {[%clk 0:05:09]} Nd7 {[%clk 0:13:26]} 21. Bf1
{[%clk 0:04:07]} f6 {[%clk 0:11:09]} 22. Nd6 {[%clk 0:03:45]} Bxd6
{[%clk 0:11:01]} 23. cxd6 {[%clk 0:03:53]} b6 {[%clk 0:10:47]} 24. Bb5
{[%clk 0:02:21]} Na7 {[%clk 0:10:53]} 25. Be2 {[%clk 0:01:39]} Kf7
{[%clk 0:10:29]} 26. Raa1 {[%clk 0:01:21]} d4 {[%clk 0:07:54]} 27. Bd1
{[%clk 0:01:30]} dxe3 {[%clk 0:07:51]} 28. Bxe3 {[%clk 0:01:36]} Nc6
{[%clk 0:08:00]} 29. Rc3 {[%clk 0:01:24]} Nb4 {[%clk 0:08:01]} 30. Bd2
{[%clk 0:00:45]} Rxc3 {[%clk 0:07:44]} 31. Bxc3 {[%clk 0:00:53]} Bd5
{[%clk 0:06:35]} 32. f4 {[%clk 0:00:34]} h5 {[%clk 0:05:39]} 33. fxe5
{[%clk 0:00:17]} fxe5 {[%clk 0:05:47]} 34. Nd2 {[%clk 0:00:24]} Ke6
{[%clk 0:05:54]} 35. Be2 {[%clk 0:00:21]} Rc8 {[%clk 0:04:30]} 36. Rd1
{[%clk 0:00:25]} Na2 {[%clk 0:04:38]} 37. Nb1 {[%clk 0:00:18]} Bb3
{[%clk 0:03:55]} 38. Rd2 {[%clk 0:00:23]} Nc5 {[%clk 0:03:30]} 39. Bf1
{[%clk 0:00:18]} g5 {[%clk 0:03:22]} 40. Re2 {[%clk 0:00:27]} Nxc3
{[%clk 0:02:27]} 41. Nxc3 {[%clk 0:00:36]} Kxd6 {[%clk 0:02:35]} 42. Rd2+
{[%clk 0:00:41]} Ke6 {[%clk 0:02:37]} 43. Be2 {[%clk 0:00:39]} Nxa4
{[%clk 0:01:48]} 44. Bxh5 {[%clk 0:00:42]} Rc4 {[%clk 0:01:55]} 45. Nb5
{[%clk 0:00:42]} Rc1+ {[%clk 0:01:58]} 46. Kf2 {[%clk 0:00:42]} Rc2
{[%clk 0:02:06]} 47. Bg4+ {[%clk 0:00:25]} Ke7 {[%clk 0:02:07]} 48. Rxc2
{[%clk 0:00:13]} Bxc2 {[%clk 0:02:16]} 49. Ke3 {[%clk 0:00:19]} Nxb2
{[%clk 0:02:18]} 50. Be2 {[%clk 0:00:28]} Bb3 {[%clk 0:01:22]} 51. h4
{[%clk 0:00:29]} gxh4 {[%clk 0:01:28]} 52. gxh4 {[%clk 0:00:38]} Bc4
{[%clk 0:01:35]} 53. h5 {[%clk 0:00:14]} Bxe2 {[%clk 0:01:42]} 54. Kxe2
{[%clk 0:00:23]} Kf6 {[%clk 0:01:50]} 55. Ke3 {[%clk 0:00:23]} a4
{[%clk 0:01:52]} 56. Na3 {[%clk 0:00:32]} Nd1+ {[%clk 0:01:30]} 57. Ke2
{[%clk 0:00:36]} Nc3+ {[%clk 0:01:36]} 58. Kd3 {[%clk 0:00:40]} Nd5
{[%clk 0:01:39]} 59. Ke4 {[%clk 0:00:16]} Nf4 {[%clk 0:01:42]} 60. h6
{[%clk 0:00:20]} Ne6 {[%clk 0:01:42]} 61. Kd5 {[%clk 0:00:17]} Ng5
{[%clk 0:01:49]} 62. Kc6 {[%clk 0:00:19]} e4 {[%clk 0:01:57]} 63. Nc2
{[%clk 0:00:21]} Ke5 {[%clk 0:01:38]} 64. Kxb6 {[%clk 0:00:26]} Kf6
{[%clk 0:01:03]} 65. Kb5 {[%clk 0:00:29]} Kg6 {[%clk 0:01:11]} 66. Kxa4
{[%clk 0:00:38]} Kxh6 {[%clk 0:01:20]} 67. Kb4 {[%clk 0:00:39]} Kh5
{[%clk 0:01:29]} 68. Kc3 {[%clk 0:00:37]} Kg4 {[%clk 0:01:37]} 69. Kd2
{[%clk 0:00:44]} Kf3 {[%clk 0:01:46]} 70. Ne1+ {[%clk 0:00:40]} Kf2
{[%clk 0:01:47]} 71. Nd3+ {[%clk 0:00:49]} exd3 {[%clk 0:01:45]} 72. Kxd3
{[%clk 0:00:58]} Ne4 73. Kxe4 1/2-1/2

[Event "Russian Championship (Rapid, Men)"]
[Site "Sochi"]
[Date "2018.10.05"]
[Round "4.15"]
[White "Kobalia, Mikhail"]
[Black "Truskavetsky, Alexandr"]
[Result "0-1"]
[BlackElo "2366"]
[WhiteElo "2617"]
[LiveChessVersion "1.4.8"]

1. e4 {[%clk 0:15:18]} c6 {[%clk 0:14:52]} 2. d4 {[%clk 0:15:25]} d5
{[%clk 0:15:00]} 3. exd5 {[%clk 0:15:34]} cxd5 {[%clk 0:15:08]} 4. Bd3
{[%clk 0:15:43]} Nf6 {[%clk 0:15:09]} 5. c3 {[%clk 0:15:49]} Bg4 {[%clk 0:14:36]}
6. Ne2 {[%clk 0:15:55]} Nc6 {[%clk 0:14:43]} 7. O-O {[%clk 0:16:03]} e6
{[%clk 0:14:40]} 8. Qe1 {[%clk 0:16:11]} Bh5 {[%clk 0:13:20]} 9. Nf4
{[%clk 0:15:08]} Bg6 {[%clk 0:13:25]} 10. Nxg6 {[%clk 0:15:07]} hxg6
{[%clk 0:13:32]} 11. Nd2 {[%clk 0:14:23]} g5 {[%clk 0:12:15]} 12. Nf3
{[%clk 0:12:41]} g4 {[%clk 0:11:10]} 13. Ne5 {[%clk 0:12:50]} Bd6
{[%clk 0:08:51]} 14. Qe2 {[%clk 0:12:39]} Nd7 {[%clk 0:05:58]} 15. Bf4
{[%clk 0:12:00]} Qf6 {[%clk 0:05:41]} 16. Bg3 {[%clk 0:10:59]} Ncxe5
{[%clk 0:04:41]} 17. dxe5 {[%clk 0:11:08]} Nxe5 {[%clk 0:04:39]} 18. Bb5+
{[%clk 0:10:35]} Ke7 {[%clk 0:04:47]} 19. Rad1 {[%clk 0:09:10]} Rh5
{[%clk 0:04:32]} 20. c4 {[%clk 0:09:13]} Rah8 {[%clk 0:04:04]} 21. f4
{[%clk 0:07:52]} gxf3 {[%clk 0:03:06]} 22. gxf3 {[%clk 0:08:00]} Rxh2
{[%clk 0:01:35]} 23. Bxh2 {[%clk 0:07:50]} Rxh2 {[%clk 0:01:43]} 24. Qxh2 Nxf3+
{[%clk 0:01:48]} 25. Rxf3 {[%clk 0:07:00]} Bxh2+ {[%clk 0:01:56]} 26. Kg2
{[%clk 0:07:09]} Qg6+ {[%clk 0:01:28]} 27. Kh1 {[%clk 0:06:46]} Be5
{[%clk 0:01:22]} 28. Rdd3 {[%clk 0:06:47]} Qh6+ {[%clk 0:00:54]} 29. Kg2
{[%clk 0:06:55]} Qh2+ {[%clk 0:01:02]} 30. Kf1 {[%clk 0:07:04]} Qxb2
{[%clk 0:00:50]} 31. Rb3 {[%clk 0:05:57]} Qa1+ {[%clk 0:00:48]} 0-1